| 000 | 00823nam a22002777a 4500 | ||
|---|---|---|---|
| 003 | CHAP | ||
| 005 | 20220329140059.0 | ||
| 008 | 971013s1941 r 00010 d | ||
| 010 | _a46684 | ||
| 011 | _a47656 | ||
| 035 | _a51799 | ||
| 040 | _cCHAP | ||
| 082 |
_a620.11 _bT55 1941 |
||
| 100 | 0 | 0 |
_aTimoshenko, Stephen P. _9113341 |
| 245 | _aStrenght of materials | ||
| 250 | _a2 ed. | ||
| 260 |
_aToronto : _bVan Nostrand, _c1941 |
||
| 300 | _a2 v. | ||
| 505 | _aContenido : v.1 Elementary theory and problems .- v.2 Advanced theory and problems | ||
| 590 |
_aBATCH-UPD _b10 _c20130110 _lUCH01 _h1608 |
||
| 590 |
_aCONVERSION _b10 _c20130109 _lUCH01 _h1326 |
||
| 650 | 1 | 4 |
_aResistencia de materiales. _996123 |
| 901 | _aBK | ||
| 942 | _cLIBRO | ||
| 949 |
_a620.11 T55 1941 _bBC _cBPA _d-115743 _eBPA _fv.1 _h18467 _i51799 _si |
||
| 999 |
_c46684 _d46684 |
||